The Gym Management / (Record no. 153125)

MARC details
000 -LEADER
fixed length control field 00637nam a22002057a 4500
005 - DATE AND TIME OF LATEST TRANSACTION
control field 20180626162034.0
008 - FIXED-LENGTH DATA ELEMENTS--GENERAL INFORMATION
fixed length control field 180626b xxu||||| |||| 00| 0 eng d
010 ## - LCCN (DPL NO)
LC control number A-944277
020 ## - INTERNATIONAL STANDARD BOOK NUMBER
International Standard Book Number 8175240091
035 ## - SYSTEM CONTROL NUMBER
System control number A-944277
040 ## - CATALOGING SOURCE
Original cataloging agency dpl
Language of cataloging English
082 ## - DEWEY DECIMAL CLASSIFICATION NUMBER
Classification number 796.4069
100 ## - MAIN ENTRY--PERSONAL NAME
Personal name Bharihoke Sunil
245 ## - TITLE STATEMENT
Title The Gym Management /
Statement of responsibility, etc by Sunil Bharihoke
260 ## - PUBLICATION, DISTRIBUTION, ETC. (IMPRINT)
Place of publication, distribution, etc New Delhi
Name of publisher, distributor, etc Khel Sahitya Kendra
Date of publication, distribution, etc 1998
270 ## - ADDRESS
Address B-4/40-A, Keshav Puram (Lawrence Road)
City New Delhi
Postal code 110035
300 ## - PHYSICAL DESCRIPTION
Extent 99p.:
Dimensions 22cm(Hb)
650 ## - SUBJECT ADDED ENTRY--TOPICAL TERM
Topical term or geographic name as entry element Gymnastics for men
General subdivision Study and teaching
942 ## - ADDED ENTRY ELEMENTS (KOHA)
Source of classification or shelving scheme Dewey Decimal Classification
Item type English Books
Call number suffix BHA
Classification part 6.4069
Holdings
Withdrawn status Lost status Source of classification or shelving scheme Damaged status Not for loan Collection code Home library Current library Date acquired Source of acquisition Cost, normal purchase price Total Checkouts Full call number Barcode Date last seen Cost, replacement price Koha item type
    Dewey Decimal Classification     Non-fiction Shahdara Branch Shahdara Branch 26/06/2018 BPPD/PUB 195.00 1 6.4069 BHA A-944277 11/08/2018 195.00 English Books

© Delhi Public Library
Hit Counter
free hit counter